| 000 | 00994nam a2200337Ia 4500 | ||
|---|---|---|---|
| 001 | Z_4303 | ||
| 003 | CHAP | ||
| 008 | 220113s9999 xx 000 0 und d | ||
| 010 | _a167369 | ||
| 020 | _a968-24-1831-3 | ||
| 040 | _cCHAP | ||
| 082 | _a636.50852 A95 | ||
| 100 |
_aAvila González, Ernesto _98790 |
||
| 245 |
_aAlimentación de las aves / _cErnesto Ávila González |
||
| 260 |
_aMéxico : _bTrillas, _c |
||
| 300 | _a107 p. | ||
| 440 | 0 |
_aCurso de especialización en producción animal. Área aves (Trillas) _9141548 |
|
| 503 | _aej.1: C/E \ ej.2: \ ej.3: s/n | ||
| 504 | _aBibliografía: p. 103 | ||
| 650 |
_aAbsorción de nutrientes _9141549 |
||
| 650 |
_aAlimentación de aves de corral _9141550 |
||
| 650 |
_aAsimilación (fisiología) _9141551 |
||
| 650 |
_aFisiología de la nutrición _9141552 |
||
| 650 |
_aRequerimientos nutritivos _9141553 |
||
| 901 | _a636.50852 A95 | ||
| 902 | _aM | ||
| 910 | _a | ||
| 942 | _c1 | ||
| 942 | _cc1 | ||
| 999 |
_c167369 _d167369 |
||